Statistiques concernant Dynasties du Moyen-Age (476-1492)

Cliquez ici pour prendre le quiz!

Statistiques générales

  • Ce quiz a été pris 206 fois
  • Le résultat moyen est 6 sur 12

Statistiques - réponses

QuestionRéponse% Correct
A quelle dynastie appartient Philippe II Auguste ?Capétiens directs
70%
Quelle dynastie a été fondé par Tamerlan (Timur Leng) ?Timourides
67%
Quelle dynastie a regné sur la Moscovie de 862 à 1598 ?Riourikides
58%
Laquelle de ces dynasties n'a jamais régné sur l'Empire Romain d'Orient (byzantin) ?Demertzís
51%
D'ou vient le terme Habsbourg ?Du château de Habsbourg en Suisse alémanique
51%
A quelle dynastie appartiennent les empereurs Frédéric Barberousse, Henri VI et Frédéric II ?Hohenstaufen
50%
L'une de ses dynasties chinoises à régné à la fin de l'Antiquité mais n'aura jamais gouverné au Moyen-Age, laquelle est-ce ?Han
45%
Quelle dynastie fut celle des Ottomans à partir de 1299 ?Osmanoğlu
45%
Quelle dynastie était à la tête de la Castille au moment du voyage de Colomb en 1492 ?Trastamara
44%
Quelle dynastie marocaine n'a pas régné durant le Moyen-Age mais seulement à partir de 1666 ? Les autres ont toutes régnés durant le M-A.Alaouite
41%
Lequel de ces rois est descendant de Charlemagne ?Les trois
40%
Comment s'appelle la dynastie qui dirigera l'Egypte à partir de Saladin jusqu'en 1341 ?Ayyoubides
38%

Distribution des résultats

Percentile par nombre de réponses

% des personnes avec chaque résultat

Votre développement - résultats

Vous n’avez pas pris ce quiz